| 000 | 00535cam a2200229 4500 | ||
|---|---|---|---|
| 001 | D9856 | ||
| 008 | 090401t1964 xxu||||| |||| 00| 0 eng d | ||
| 035 | _a(Sirsi) u22940 | ||
| 041 | _aeng | ||
| 050 | _a808.066 | ||
| 100 | _aWilks, H Mark | ||
| 245 | _aReport writing and proofs of evidence | ||
| 250 | _a3rd | ||
| 260 |
_aLondon _bEstates Gazette _c1964 |
||
| 300 | _a122p. 22cm | ||
| 350 | _a1.25 | ||
| 650 | _aEVIDENCE | ||
| 650 | _aPROOFS OF EVIDENCE | ||
| 650 | _aREPORT WRITING | ||
| 942 | _n0 | ||
| 948 | _c04/03/1997 | ||
| 999 |
_c88280 _d88280 |
||